[Event "Mumbai Aurionpro GM op"]
[Site "Mumbai"]
[Date "2025.06.18"]
[Round "3"]
[White "Guru, Prakash"]
[Black "Deepan Chakkravarthy, J."]
[Result "1/2-1/2"]
[WhiteElo "2049"]
[BlackElo "2410"]
[PlyCount "126"]
[EventDate "2025.06.16"]
[EventType "swiss"]
[EventRounds "9"]
[EventCountry "IND"]
[SourceTitle "CB26_2025"]
[SourceDate "2025.06.25"]
[SourceVersion "1"]
[SourceVersionDate "2025.06.25"]
[SourceQuality "1"]

1. e4 Nf6 2. e5 Nd5 3. d4 d6 4. c4 Nb6 5. Nf3 Bg4 6. exd6 cxd6 7. Be3 g6 8. Nbd2 Bg7 9. Be2 0-0 10. 0-0 Nc6 11. d5 Ne5 12. Nxe5 Bxe2 13. Nxf7 Bxd1 14. Nxd8 Rfxd8 15. Raxd1 Bxb2 16. Rb1 Na4 17. Bg5 Rd7 18. Rbe1 Bc3 19. Re4 Rc8 20. Rfe1 Rcc7 21. Rc1 Bg7 22. Rce1 h6 23. Be3 a6 24. Rg4 Kh7 25. Rh4 b5 26. cxb5 axb5 27. Ne4 Rc4 28. Rb1 Rdc7 29. g3 Rxe4 30. Rxe4 Nc3 31. Reb4 Nxb1 32. Rxb1 Rc2 33. Rxb5 Rxa2 34. h4 Bf6 35. Kg2 Kg7 36. Kh3 Ra4 37. Kg2 g5 38. hxg5 hxg5 39. Kf3 g4+ 40. Ke2 Kg6 41. Kd3 Kf5 42. Rb1 Ke5 43. Rb5 Ra3+ 44. Ke2 Ra4 45. Kd3 Kf5 46. Rb3 Ra5 47. Kc4 Ra1 48. Bb6 Rc1+ 49. Kd3 Bg5 50. Rb2 Re1 51. Rc2 Ke5 52. Ra2 Rb1 53. Bd4+ Kf5 54. Kc4 Rc1+ 55. Kd3 Rd1+ 56. Kc4 Re1 57. Kd3 Bf6 58. Ra4 Re4 59. Rc4 Be5 60. Rb4 Bg7 61. Rc4 Bf6 62. Rb4 Bg5 63. Rb1 Bf6 1/2-1/2

[Event "New Delhi op 21st"]
[Site "New Delhi"]
[Date "2025.06.08"]
[Round "3"]
[White "Aadik, Theophane Lenin"]
[Black "Deepan Chakkravarthy, J."]
[Result "0-1"]
[WhiteElo "2018"]
[BlackElo "2410"]
[PlyCount "84"]
[EventDate "2025.06.07"]
[EventType "swiss"]
[EventRounds "10"]
[EventCountry "IND"]
[SourceTitle "CB26_2025"]
[SourceDate "2025.06.25"]
[SourceVersion "1"]
[SourceVersionDate "2025.06.25"]
[SourceQuality "1"]

1. d4 Nf6 2. c4 b6 3. Nf3 Bb7 4. g3 g6 5. Bg2 Bg7 6. 0-0 0-0 7. Nc3 e6 8. Qc2 d5 9. cxd5 exd5 10. Bf4 Na6 11. Rac1 c5 12. dxc5 bxc5 13. Rfd1 Qe7 14. e3 Rfd8 15. Be5 Rac8 16. Qe2 Nb4 17. Bxf6 Bxf6 18. Ne1 Ba6 19. Qf3 d4 20. Ne4 Bg7 21. a3 Nc6 22. Qf4 dxe3 23. Rxd8+ Rxd8 24. fxe3 c4 25. Nc3 Qc5 26. Nc2 Ne5 27. Rf1 Bc8 28. Nd4 f5 29. Qh4 Nf7 30. Nc6 g5 31. Qh5 Qxe3+ 32. Kh1 Re8 33. Bd5 Be6 34. Bxe6 Qxe6 35. Qf3 g4 36. Qg2 Ng5 37. Nxa7 Nf3 38. Nab5 Rd8 39. Rxf3 gxf3 40. Qxf3 Rd2 41. Qf1 Qc6+ 42. Kg1 Bf8 0-1

[Event "Kottayam op"]
[Site "Kottayam"]
[Date "2025.05.06"]
[Round "9"]
[White "Deepan Chakkravarthy, J."]
[Black "Grigoryan, Karen H"]
[Result "0-1"]
[WhiteElo "2394"]
[BlackElo "2556"]
[PlyCount "80"]
[EventDate "2025.04.30"]
[EventType "swiss"]
[EventRounds "10"]
[EventCountry "IND"]
[SourceTitle "CB19_2025"]
[SourceDate "2025.05.07"]
[SourceVersion "1"]
[SourceVersionDate "2025.05.07"]
[SourceQuality "1"]

1. c4 g6 2. Nc3 Nf6 3. g3 Bg7 4. Bg2 0-0 5. d3 c6 6. e4 d6 7. Nge2 a6 8. a4 a5 9. 0-0 Na6 10. h3 Nb4 11. Be3 Nd7 12. f4 f5 13. d4 fxe4 14. Nxe4 Nf6 15. N2c3 Bf5 16. Rc1 Qd7 17. Nf2 h5 18. d5 cxd5 19. cxd5 Rfc8 20. Bd4 Rc4 21. Bxf6 Bxf6 22. g4 Rd4 23. Qf3 Bd3 24. Rfd1 Bc2 25. Rxd4 Bxd4 26. Rxc2 Nxc2 27. Qe4 hxg4 28. Qxg6+ Kf8 29. hxg4 Ne3 30. Nce4 Qe8 31. Qh6+ Bg7 32. Qh7 Nxg2 33. Kxg2 Qf7 34. Ng5 Qxd5+ 35. Nfe4 Rc8 36. f5 Rc2+ 37. Kh3 Qb3+ 38. Nc3 Be5 39. Nf3 Qxb2 40. Ne4 Bg7 0-1

[Event "Maharashtra op 3rd"]
[Site "Hadapsar"]
[Date "2025.04.27"]
[Round "9"]
[White "Deepan Chakkravarthy, J."]
[Black "Utsab, Chatterjee"]
[Result "1-0"]
[WhiteElo "2394"]
[BlackElo "2299"]
[PlyCount "117"]
[EventDate "2025.04.20"]
[EventType "swiss"]
[EventRounds "10"]
[EventCountry "IND"]
[SourceTitle "CB18_2025"]
[SourceDate "2025.04.30"]
[SourceVersion "1"]
[SourceVersionDate "2025.04.30"]
[SourceQuality "1"]

1. Nf3 d5 2. g3 c6 3. Bg2 Bg4 4. 0-0 e6 5. b3 Nd7 6. Bb2 Ngf6 7. d3 Bd6 8. Nbd2 0-0 9. h3 Bh5 10. e3 Qe7 11. g4 Bg6 12. Nh4 Ne8 13. Nxg6 hxg6 14. f4 g5 15. Qe2 f5 16. Rae1 Nc7 17. Kh1 Rae8 18. c4 gxf4 19. exf4 fxg4 20. Qxg4 Rf5 21. cxd5 cxd5 22. Rxe6 Nxe6 23. Qxf5 Bxf4 24. Bxd5 Bxd2 25. Rg1 Bh6 26. Qg6 Kf8 27. Rf1+ Kg8 28. Ba3 Ne5 29. Qh5 Qd7 30. Qxe5 Kh8 31. Qf5 Qc8 32. Be4 Ng5 33. Qxc8 Rxc8 34. Bf5 Rc2 35. Rc1 Rxc1+ 36. Bxc1 Ne4 37. Bxh6 Ng3+ 38. Kg2 Nxf5 39. Bf4 Kg8 40. Kf3 Kf7 41. Bb8 a6 42. Kf4 Nd4 43. Ke4 Ne2 44. Be5 g6 45. Bb2 g5 46. Kf5 Nf4 47. Bc1 Nxd3 48. Bxg5 Nb4 49. Bd2 Nxa2 50. Ke4 a5 51. Kd3 Kg6 52. Kc2 Kh5 53. Bxa5 Kh4 54. Kb2 Nc1 55. Kxc1 Kxh3 56. Kc2 Kg4 57. Kc3 Kf5 58. Kc4 Ke6 59. Kc5 1-0

[Event "Maharashtra op 3rd"]
[Site "Hadapsar"]
[Date "2025.04.21"]
[Round "2"]
[White "Varun, V."]
[Black "Deepan Chakkravarthy, J."]
[Result "0-1"]
[WhiteElo "2231"]
[BlackElo "2394"]
[PlyCount "93"]
[EventDate "2025.04.20"]
[EventType "swiss"]
[EventRounds "10"]
[EventCountry "IND"]
[SourceTitle "CB18_2025"]
[SourceDate "2025.04.30"]
[SourceVersion "1"]
[SourceVersionDate "2025.04.30"]
[SourceQuality "1"]

1. e4 g6 2. d4 Bg7 3. Nf3 d6 4. Bd3 Bg4 5. c3 Nd7 6. Nbd2 c6 7. h3 Bxf3 8. Nxf3 Ngf6 9. 0-0 0-0 10. Re1 e5 11. dxe5 dxe5 12. Be3 Qe7 13. Qb3 Nc5 14. Bxc5 Qxc5 15. a4 Rad8 16. Rad1 Rd7 17. Bb1 Re7 18. Ba2 Bh6 19. Qc4 Qxc4 20. Bxc4 a5 21. b4 Ra8 22. Bb3 Kg7 23. Rd6 Ne8 24. Rd3 Nf6 25. Rd6 Ne8 26. Rd3 Nf6 27. Rd6 Rc7 28. g3 axb4 29. cxb4 c5 30. Nxe5 Re8 31. Nxf7 c4 32. Bxc4 Rxc4 33. Rxf6 Kxf6 34. Nxh6 Rcxe4 35. Ng4+ Kf7 36. Ne3 Rxb4 37. Rd1 Ke6 38. a5 Rf8 39. Rd2 Ra8 40. Rd5 Rb2 41. Rc5 Rf8 42. Nc2 Kd6 43. Rc3 Ra2 44. Rd3+ Kc7 45. Rc3+ Kb8 46. Nd4 Rfxf2 47. Nf3 0-1

[Event "Bengaluru Namma op 2nd"]
[Site "Bengaluru"]
[Date "2025.04.10"]
[Round "1"]
[White "Deepan Chakkravarthy, J."]
[Black "Nigash, G."]
[Result "1-0"]
[WhiteElo "2394"]
[BlackElo "2015"]
[PlyCount "111"]
[EventDate "2025.04.10"]
[EventType "swiss"]
[EventRounds "10"]
[EventCountry "IND"]
[SourceTitle "CB18_2025"]
[SourceDate "2025.04.30"]
[SourceVersion "1"]
[SourceVersionDate "2025.04.30"]
[SourceQuality "1"]

1. Nf3 d5 2. b3 c5 3. Bb2 f6 4. e4 dxe4 5. Nh4 Be6 6. Bb5+ Nd7 7. Qe2 Qb6 8. Qxe4 Qxb5 9. Qxe6 Qb6 10. Qe2 Nh6 11. Nc3 e5 12. f4 0-0-0 13. f5 Nb8 14. Qc4 a6 15. 0-0-0 Qc6 16. Ne4 Nd7 17. Qe2 Nb6 18. c4 Na8 19. g4 Nf7 20. Nf3 Nd6 21. d3 Nxe4 22. dxe4 Rxd1+ 23. Rxd1 Be7 24. h4 h6 25. Bc3 Nc7 26. Kb2 Rd8 27. Rxd8+ Bxd8 28. Qd3 Qd7 29. Kc2 Qxd3+ 30. Kxd3 Kd7 31. g5 hxg5 32. hxg5 Ne8 33. Nh2 Bc7 34. Ng4 Ke7 35. g6 Kd7 36. Be1 Ke7 37. Ne3 Kd6 38. Nd5 Bd8 39. b4 b6 40. a4 a5 41. bxa5 bxa5 42. Ne3 Kd7 43. Ng4 Kd6 44. Nh2 Kd7 45. Nf3 Kd6 46. Nd2 Kc6 47. Nb3 Nd6 48. Nxa5+ Bxa5 49. Bxa5 Nb7 50. Bc3 Kd6 51. a5 Nd8 52. a6 Nc6 53. Ba5 Kd7 54. Kc3 Kc8 55. Bb6 Nb4 56. a7 1-0

[Event "Goa op"]
[Site "Taleigao"]
[Date "2025.01.11"]
[Round "1"]
[White "Aadik, Theophane Lenin"]
[Black "Deepan Chakkravarthy, J."]
[Result "1/2-1/2"]
[WhiteElo "2018"]
[BlackElo "2413"]
[PlyCount "59"]
[EventDate "2025.01.11"]
[EventType "swiss"]
[EventRounds "10"]
[EventCountry "IND"]
[SourceTitle "CB04_2025"]
[SourceDate "2025.01.22"]
[SourceVersion "1"]
[SourceVersionDate "2025.01.22"]
[SourceQuality "1"]

1. d4 g6 2. c4 Bg7 3. Nc3 f5 4. Nf3 d6 5. g3 Nh6 6. h4 Nf7 7. h5 e5 8. dxe5 dxe5 9. Qxd8+ Kxd8 10. h6 Bf6 11. Nd5 Be7 12. Nxe7 Kxe7 13. b3 c5 14. Bb2 Nc6 15. 0-0-0 Be6 16. Ne1 Rhd8 17. Nd3 b6 18. Bg2 e4 19. Nf4 Rxd1+ 20. Rxd1 Rd8 21. Rxd8 Ncxd8 22. Nxg6+ hxg6 23. h7 Bd7 24. h8Q Nxh8 25. Bxh8 Bc6 26. Be5 Kd7 27. e3 Nf7 28. Bc3 Ke6 29. Kd2 Ne5 30. Bxe5 1/2-1/2

[Event "Chennai op 15th"]
[Site "Chennai"]
[Date "2025.01.09"]
[Round "10"]
[White "Iniyan, Panneerseluam"]
[Black "Deepan Chakkravarthy, J."]
[Result "1-0"]
[WhiteElo "2508"]
[BlackElo "2413"]
[PlyCount "77"]
[EventDate "2025.01.02"]
[EventType "swiss"]
[EventRounds "10"]
[EventCountry "IND"]
[SourceTitle "CB03_2025"]
[SourceDate "2025.01.15"]
[SourceVersion "1"]
[SourceVersionDate "2025.01.15"]
[SourceQuality "1"]

1. d4 d5 2. c4 dxc4 3. Nf3 Nf6 4. e3 e6 5. Bxc4 a6 6. 0-0 c5 7. b3 cxd4 8. Nxd4 Be7 9. Bb2 0-0 10. Nd2 Bd7 11. e4 Nc6 12. N4f3 b5 13. Bd3 Bc8 14. Qe2 Nb4 15. Bb1 Bb7 16. a3 Nc6 17. e5 Nd5 18. Qe4 g6 19. Qg4 b4 20. Ne4 bxa3 21. Bxa3 Bxa3 22. Rxa3 Qe7 23. Ra4 Rad8 24. h4 h5 25. Qg3 Kg7 26. Re1 Nb6 27. Nf6 Nxa4 28. Nxh5+ Kh8 29. Nf6 Nxe5 30. Qxe5 Qc5 31. Qf4 Kg7 32. Ne5 Qe7 33. Neg4 Rh8 34. Qe5 Rxh4 35. Nd5+ f6 36. Ngxf6 Qf7 37. Ne4+ Kf8 38. Ng5 Rxd5 39. Qb8+ 1-0

[Event "Chennai op 15th"]
[Site "Chennai"]
[Date "2025.01.07"]
[Round "8"]
[White "Deepan Chakkravarthy, J."]
[Black "Kaustuv, Kundu"]
[Result "1-0"]
[WhiteElo "2413"]
[BlackElo "2409"]
[PlyCount "79"]
[EventDate "2025.01.02"]
[EventType "swiss"]
[EventRounds "10"]
[EventCountry "IND"]
[SourceTitle "CB03_2025"]
[SourceDate "2025.01.15"]
[SourceVersion "1"]
[SourceVersionDate "2025.01.15"]
[SourceQuality "1"]

1. c4 c5 2. Nc3 Nc6 3. g3 g6 4. Bg2 Bg7 5. d3 d6 6. Nf3 e6 7. 0-0 Nge7 8. Bd2 0-0 9. a3 a5 10. Qc1 b6 11. Bh6 Bb7 12. Bxg7 Kxg7 13. h4 h6 14. e3 Rc8 15. Qc2 d5 16. Qb3 Ba6 17. Rfd1 d4 18. exd4 cxd4 19. Nb5 e5 20. Qa4 Rb8 21. b4 Bc8 22. Re1 f6 23. Rab1 Bf5 24. Qc2 Qd7 25. Kh2 g5 26. c5 bxc5 27. bxc5 Bg4 28. Nd6 Nf5 29. Nxf5+ Qxf5 30. Ng1 Qd7 31. Rb6 Ne7 32. Reb1 Rxb6 33. cxb6 gxh4 34. b7 hxg3+ 35. fxg3 Qd6 36. Rc1 Be6 37. Qc5 Qxc5 38. Rxc5 Rb8 39. Rxa5 Nd5 40. Rxd5 1-0

[Event "Chennai op 15th"]
[Site "Chennai"]
[Date "2025.01.05"]
[Round "5"]
[White "Dhananjay, S."]
[Black "Deepan Chakkravarthy, J."]
[Result "0-1"]
[WhiteElo "2270"]
[BlackElo "2413"]
[PlyCount "58"]
[EventDate "2025.01.02"]
[EventType "swiss"]
[EventRounds "10"]
[EventCountry "IND"]
[SourceTitle "CB03_2025"]
[SourceDate "2025.01.15"]
[SourceVersion "1"]
[SourceVersionDate "2025.01.15"]
[SourceQuality "1"]

1. Nf3 d5 2. g3 Nf6 3. Bg2 e6 4. 0-0 Be7 5. c4 0-0 6. b3 b6 7. Bb2 Bb7 8. e3 Nbd7 9. Nc3 Re8 10. d3 c5 11. Qe2 Rc8 12. Ne1 Nb8 13. f4 h6 14. g4 Nh7 15. Rd1 Bf6 16. Nf3 Nc6 17. h3 a6 18. Qf2 d4 19. Ne4 dxe3 20. Nxf6+ Qxf6 21. Qc2 Qxf4 22. Ne5 Qg3 23. Rf3 Qh4 24. Rxf7 Nd4 25. Bxd4 cxd4 26. Rxb7 Qg3 27. Nf3 Rf8 28. Qb2 Rxf3 29. Qxd4 Nf6 0-1

[Event "Chennai op 15th"]
[Site "Chennai"]
[Date "2025.01.02"]
[Round "1"]
[White "Rosh, Jain"]
[Black "Deepan Chakkravarthy, J."]
[Result "0-1"]
[WhiteElo "2071"]
[BlackElo "2413"]
[PlyCount "114"]
[EventDate "2025.01.02"]
[EventType "swiss"]
[EventRounds "10"]
[EventCountry "IND"]
[SourceTitle "CB03_2025"]
[SourceDate "2025.01.15"]
[SourceVersion "1"]
[SourceVersionDate "2025.01.15"]
[SourceQuality "1"]

1. e4 g6 2. d4 Bg7 3. Nc3 a6 4. a4 d6 5. Bc4 Nc6 6. Nf3 Nf6 7. Be3 0-0 8. Bb3 Bg4 9. h3 Bxf3 10. Qxf3 e5 11. dxe5 dxe5 12. Nd5 Nd4 13. Bxd4 exd4 14. Nxf6+ Bxf6 15. h4 Qd6 16. h5 g5 17. 0-0 Rae8 18. g3 Kh8 19. Rae1 Bg7 20. Bc4 Re5 21. Qg4 Qb4 22. Qe2 f5 23. Bd3 f4 24. Qg4 Qxa4 25. b3 Qe8 26. Ra1 f3 27. b4 Qe6 28. Qxe6 Rxe6 29. Ra5 Be5 30. Bc4 Re7 31. b5 axb5 32. Rxb5 b6 33. Rd1 Kg7 34. Rd3 Kh6 35. Rbb3 g4 36. Bd5 Kxh5 37. Ra3 Kg5 38. Ra7 h5 39. Rda3 h4 40. gxh4+ Kxh4 41. Ra8 Ree8 42. Rxe8 Rxe8 43. Bc6 Rd8 44. Bd5 Kg5 45. Ra8 Rxa8 46. Bxa8 g3 47. fxg3 Bxg3 48. e5 f2+ 49. Kg2 Kf5 50. Bb7 Kxe5 51. Ba6 Kf4 52. Bb5 Bh4 53. Kh3 Be7 54. Kg2 Ke3 55. Kf1 Bb4 56. Bc6 Be1 57. Bb5 Kd2 0-1

[Event "Bhubaneswar Odisha op"]
[Site "Bhubaneswar"]
[Date "2024.12.21"]
[Round "9"]
[White "Deepan Chakkravarthy, J."]
[Black "Fedorov, Alexei"]
[Result "1/2-1/2"]
[WhiteElo "2408"]
[BlackElo "2385"]
[PlyCount "63"]
[EventDate "2024.12.15"]
[EventType "swiss"]
[EventRounds "10"]
[EventCountry "IND"]
[SourceTitle "CB52_2024"]
[SourceDate "2024.12.25"]
[SourceVersion "1"]
[SourceVersionDate "2024.12.25"]
[SourceQuality "1"]

1. Nf3 Nf6 2. b3 g6 3. Bb2 Bg7 4. e3 0-0 5. Be2 d6 6. d4 c5 7. 0-0 cxd4 8. exd4 d5 9. c4 Nc6 10. Re1 Bf5 11. Nc3 dxc4 12. bxc4 Ne4 13. Nd5 e6 14. Ne3 h5 15. Nxf5 exf5 16. Rb1 Rc8 17. c5 Qa5 18. Qb3 b6 19. cxb6 axb6 20. Bd3 Rfe8 21. h4 Nd2 22. Nxd2 Qxd2 23. Red1 Qf4 24. g3 Qg4 25. Bb5 f4 26. Bxc6 Rxc6 27. d5 Rd6 28. Bxg7 fxg3 29. Qxg3 Kxg7 30. Qxg4 hxg4 31. Rb4 f5 32. Kg2 1/2-1/2

[Event "Singapore op"]
[Site "Singapore"]
[Date "2024.11.30"]
[Round "2"]
[White "Karthik, Venkataraman"]
[Black "Deepan Chakkravarthy, J."]
[Result "1/2-1/2"]
[WhiteElo "2605"]
[BlackElo "2408"]
[PlyCount "117"]
[EventDate "2024.11.29"]
[EventType "swiss"]
[EventRounds "9"]
[EventCountry "SIN"]
[SourceTitle "CB50_2024"]
[SourceDate "2024.11.01"]
[SourceVersion "1"]
[SourceVersionDate "2024.11.01"]
[SourceQuality "2"]

1. e4 c5 2. Nf3 d6 3. d4 cxd4 4. Nxd4 Nf6 5. Nc3 a6 6. Nb3 e6 7. g4 b5 8. a3 Bb7 9. Qe2 Nfd7 10. Bf4 Nc6 11. 0-0-0 Nce5 12. h4 Rc8 13. Rh3 Be7 14. g5 0-0 15. Bh2 Qb6 16. f4 Nc4 17. Rg3 b4 18. axb4 Qxb4 19. f5 exf5 20. exf5 Rfe8 21. Qf2 Bd8 22. Bxc4 Rxc4 23. Re3 Ne5 24. Bxe5 dxe5 25. Rxe5 Rf8 26. f6 Rf4 27. Qe1 Rxh4 28. Re8 Rh1 29. Qe5 Rxd1+ 30. Nxd1 Bc6 31. Rxf8+ Qxf8 32. Nd4 Bd7 33. Qd5 Qe8 34. fxg7 Bg4 35. Kd2 Qd7 36. Qc5 Be7 37. Qe5 Qd6 38. Qxd6 Bxd6 39. Nf2 Bf4+ 40. Kd3 Bd7 41. Ne4 Kxg7 42. Nf6 Bb5+ 43. Nxb5 Bxg5 44. Ne4 Bc1 45. Nbd6 Bxb2 46. c4 Ba3 47. Kc3 a5 48. Kd4 h5 49. Ke5 a4 50. Nf5+ Kf8 51. Kd4 Bb4 52. Kd3 Be1 53. c5 Ke8 54. Kc4 Kd8 55. Ned6 h4 56. Nxf7+ Kc7 57. Ng5 a3 58. Kb3 Kc6 59. Kxa3 1/2-1/2

[Event "Kuala Lumpur op 19th"]
[Site "Kuala Lumpur"]
[Date "2024.09.17"]
[Round "3"]
[White "Wong, Yinn Long"]
[Black "Deepan Chakkravarthy, J."]
[Result "1/2-1/2"]
[WhiteElo "2306"]
[BlackElo "2408"]
[PlyCount "58"]
[EventDate "2024.09.16"]
[EventType "swiss"]
[EventRounds "9"]
[EventCountry "MAS"]
[SourceTitle "EXT 2025"]
[Source "ChessBase"]
[SourceDate "2024.10.14"]
[SourceVersion "1"]
[SourceVersionDate "2024.10.14"]
[SourceQuality "1"]

1. e4 c5 2. Nf3 d6 3. h3 Nf6 4. Nc3 a6 5. a4 Nc6 6. d4 cxd4 7. Nxd4 e5 8. Nxc6 bxc6 9. Bc4 Be7 10. a5 0-0 11. Bg5 Nxe4 12. Bxe7 Qxe7 13. Nxe4 d5 14. Qe2 dxc4 15. Qxc4 Rb8 16. b3 Be6 17. Qc5 Qh4 18. Ra4 Bd5 19. Ng3 Qg5 20. 0-0 f5 21. Qe3 f4 22. Ne4 Qg6 23. Qf3 Kh8 24. Re1 h5 25. Kh2 c5 26. Qc3 Bc6 27. Rc4 Bd5 28. Ra4 Bc6 29. Rc4 Bd5 1/2-1/2

[Event "Commonwealth-ch"]
[Site "Waskaduwa"]
[Date "2024.09.02"]
[Round "6"]
[White "Chitlange, Sakshi"]
[Black "Deepan Chakkravarthy, J."]
[Result "0-1"]
[WhiteElo "2194"]
[BlackElo "2408"]
[PlyCount "100"]
[EventDate "2024.08.28"]
[EventType "swiss"]
[EventRounds "9"]
[EventCountry "SRI"]
[SourceTitle "EXT 2025"]
[Source "ChessBase"]
[SourceDate "2024.10.14"]
[SourceVersion "1"]
[SourceVersionDate "2024.10.14"]
[SourceQuality "1"]

1. d4 Nf6 2. c4 e6 3. Nf3 h6 4. Nc3 Bb4 5. Bd2 0-0 6. e3 b6 7. Bd3 Bb7 8. 0-0 c5 9. a3 Bxc3 10. Bxc3 d6 11. Qe2 Nbd7 12. Rad1 Qc7 13. e4 cxd4 14. Bxd4 e5 15. Bc3 Nc5 16. Nd2 Rac8 17. Rfe1 a5 18. f3 Rfd8 19. Bc2 Ba6 20. b3 a4 21. b4 Nb3 22. Bxb3 axb3 23. Bb2 Bxc4 24. Nxc4 Qxc4 25. Qxc4 Rxc4 26. Re3 Rdc8 27. Rxb3 Ne8 28. Rd2 Kf8 29. Kf2 Ke7 30. Rbd3 R8c6 31. Ke3 b5 32. g3 Nf6 33. Ke2 h5 34. h3 g5 35. g4 h4 36. Kf2 Ne8 37. Kg2 Nc7 38. Kh2 Ne6 39. Re3 Nf4 40. Re1 Rc2 41. Red1 Nd3 42. Ba1 Ne1 43. Rxc2 Rxc2+ 44. Kg1 Nxf3+ 45. Kf1 Ra2 46. Bc3 Rxa3 47. Rd3 Nd2+ 48. Rxd2 Rxc3 49. Rd5 Rxh3 50. Rxb5 Re3 0-1

[Event "SRI-ch Dini"]
[Site "Colombo"]
[Date "2024.08.04"]
[Round "10"]
[White "Kuderinov, Kirill"]
[Black "Deepan Chakkravarthy, J."]
[Result "0-1"]
[WhiteElo "2360"]
[BlackElo "2423"]
[PlyCount "120"]
[EventDate "2024.07.29"]
[EventType "swiss"]
[EventRounds "10"]
[EventCountry "SRI"]
[SourceTitle "CBM 221 Extra"]
[Source "ChessBase"]
[SourceDate "2024.09.30"]
[SourceVersion "1"]
[SourceVersionDate "2024.09.30"]
[SourceQuality "1"]

1. e4 c5 2. Nf3 Nc6 3. Bb5 g6 4. 0-0 Bg7 5. Re1 e5 6. c3 Nge7 7. d4 cxd4 8. cxd4 exd4 9. Bf4 d6 10. Nxd4 0-0 11. Bxc6 bxc6 12. Nc3 Qb6 13. Nb3 Rd8 14. Be3 Qb7 15. Bd4 Be6 16. Bxg7 Kxg7 17. Nd4 Qxb2 18. Rc1 Qb7 19. h4 Qd7 20. Qd2 c5 21. Nde2 Ng8 22. h5 Rab8 23. Ng3 f6 24. f4 Bf7 25. hxg6 hxg6 26. f5 g5 27. Nd5 Qa4 28. Rcd1 Qa3 29. Nc3 Nh6 30. Nf1 Ng4 31. Ne3 Ne5 32. Rb1 c4 33. Rxb8 Rxb8 34. Rb1 Rxb1+ 35. Nxb1 Qc5 36. Kf1 Nd3 37. Nc3 Qe5 38. Kg1 a6 39. Ng4 Qg3 40. Ne3 Qf4 41. Nf1 Qe5 42. Ne3 Nc5 43. Kf2 Nxe4+ 44. Nxe4 Qxe4 45. Qxd6 a5 46. a3 Qf4+ 47. Qxf4 gxf4 48. Nc2 Kh6 49. Kf3 Kg5 50. Ke4 Kg4 51. Nd4 Be8 52. Kd5 c3 53. Kc4 c2 54. Nxc2 Bc6 55. Kd3 Bxg2 56. Ne1 Kg3 57. Kd4 f3 58. Nd3 f2 59. Nxf2 Kxf2 60. Kc5 Ke3 0-1

[Event "SRI-ch Dini"]
[Site "Colombo"]
[Date "2024.08.02"]
[Round "7"]
[White "Deepan Chakkravarthy, J."]
[Black "Subhayan, Kundu"]
[Result "0-1"]
[WhiteElo "2423"]
[BlackElo "2349"]
[PlyCount "66"]
[EventDate "2024.07.29"]
[EventType "swiss"]
[EventRounds "10"]
[EventCountry "SRI"]
[SourceTitle "CBM 221 Extra"]
[Source "ChessBase"]
[SourceDate "2024.09.30"]
[SourceVersion "1"]
[SourceVersionDate "2024.09.30"]
[SourceQuality "1"]

1. c4 e6 2. d4 Nf6 3. Nf3 d5 4. Nc3 Nbd7 5. Bg5 Bb4 6. e3 c5 7. cxd5 exd5 8. Bd3 Qa5 9. 0-0 c4 10. Bf5 Bxc3 11. bxc3 0-0 12. Qc2 g6 13. Bxd7 Nxd7 14. e4 Nb6 15. e5 Bf5 16. Qd2 Rfe8 17. Nh4 Bd3 18. Rfe1 Nd7 19. Re3 b5 20. a3 b4 21. Rf3 b3 22. Qf4 f5 23. exf6 Kf7 24. Qd6 Qb5 25. Re3 Rxe3 26. Bxe3 Nxf6 27. Nf3 Re8 28. Ne5+ Kg7 29. Bg5 Nd7 30. Nxd7 b2 31. Rb1 Bxb1 32. Ne5 Qb7 33. h4 Bf5 0-1

[Event "SRI-ch Dini"]
[Site "Colombo"]
[Date "2024.08.01"]
[Round "6"]
[White "Deepan Chakkravarthy, J."]
[Black "Amarathunga, Kosala Sandeepa Cha"]
[Result "1-0"]
[WhiteElo "2423"]
[BlackElo "1992"]
[PlyCount "83"]
[EventDate "2024.07.29"]
[EventType "swiss"]
[EventRounds "10"]
[EventCountry "SRI"]
[SourceTitle "CBM 221 Extra"]
[Source "ChessBase"]
[SourceDate "2024.09.30"]
[SourceVersion "1"]
[SourceVersionDate "2024.09.30"]
[SourceQuality "1"]

1. e4 e6 2. d4 d5 3. exd5 exd5 4. h3 Bd6 5. c4 dxc4 6. Bxc4 Nf6 7. Nf3 0-0 8. 0-0 h6 9. Nc3 a6 10. a4 Nc6 11. Re1 Re8 12. Be3 Bf5 13. Nh4 Bh7 14. Qf3 Bb4 15. Rad1 Qd6 16. Nf5 Bxf5 17. Qxf5 Re7 18. d5 Ne5 19. Bf4 Rae8 20. Re3 g6 21. Qc2 Bc5 22. Ne4 Nxe4 23. Rxe4 Qf6 24. Bxa6 bxa6 25. Bxe5 Qxf2+ 26. Qxf2 Bxf2+ 27. Kxf2 Rxe5 28. Rxe5 Rxe5 29. d6 cxd6 30. Rxd6 Rc5 31. Ke3 Rc2 32. b4 Rc4 33. Rb6 a5 34. Kd3 Rh4 35. Kc3 Kf8 36. Kb3 axb4 37. a5 Rh5 38. Kxb4 Rh4+ 39. g4 h5 40. a6 hxg4 41. a7 gxh3+ 42. Ka3 1-0